| 000 | 005460000a22001810004500 | ||
|---|---|---|---|
| 003 | MACL | ||
| 005 | 20160607150312.0 | ||
| 008 | 160607b xxu||||| |||| 00| 0 eng d | ||
| 040 |
_aMACL _cMACL |
||
| 041 | _aHindi | ||
| 082 | _a800 | ||
| 100 |
_aराय, विवेकी _962712 |
||
| 245 |
_aगॅवई गन्ध गुलाब _cविवेकी राय |
||
| 260 |
_bअनिल प्रकाशन _c2009 _aइलाहाबाद |
||
| 350 | _a200 | ||
| 650 |
_aLiteracture _962713 |
||
| 942 |
_cHIN _k800/VIV/L _2ddc |
||
| 999 |
_c41531 _d41531 |
||